000 00993cam a2200301 a 4500
001 000011780
005 20250314135209.0
008 850221s1968 sp b 000 0 spa
035 _a(DLC) 71216629
035 _a(OCoLC)11716121
040 _aDO-SdBNP
_cCoU
_dDLC
_dBNPHU
042 _apremarc
082 _a320
_bM526L
100 1 _aMellizo, Felipe.
_d1932-2000
_q(Felipe Mellizo Cuadrado)
_927865
245 1 3 _aEl lenguaje de los políticos.
260 _aBarcelona :
_bFontanella,
_c1968.
300 _a125 p. ;
_c23 cm.
490 1 _aCiencias del hombre
_v4
504 _aIncluye referencias bibliográficas y notas al pie de las páginas.
650 0 _aCiencia política
_95772
650 0 _aCiencia política
_95772
650 4 _aPropaganda política
_96357
650 4 _aPublicidad política
_96359
650 4 _aPolítica y medios de comunicacion de masas
_918709
830 0 _aCiencias del hombre ;
_v4
_927866
910 _aCatalogación por copia / LC
049 _aBNGR
999 _c11454
_d11454